Nepālabhāshā śabda-saṅgraha. (Record no. 79164)

MARC details
000 -LEADER
fixed length control field 00659cam a22002411 4500
001 - CONTROL NUMBER
control field sa 68003017
003 - CONTROL NUMBER IDENTIFIER
control field DLC
005 - DATE AND TIME OF LATEST TRANSACTION
control field 20260227112448.0
008 - FIXED-LENGTH DATA ELEMENTS--GENERAL INFORMATION
fixed length control field 900301s1965 np d 000 0 nepo
010 ## - LIBRARY OF CONGRESS CONTROL NUMBER
LC control number sa 68003017
035 ## - SYSTEM CONTROL NUMBER
System control number (OCoLC)21141659
040 ## - CATALOGING SOURCE
Original cataloging agency DLC
Transcribing agency WaU
Modifying agency DLC
041 0# - LANGUAGE CODE
Language code of text/sound track or separate title nepenghin
042 ## - AUTHENTICATION CODE
Authentication code premarc
050 00 - LIBRARY OF CONGRESS CALL NUMBER
Classification number PL3801.N54
Item number T8 1965
100 1# - MAIN ENTRY--PERSONAL NAME
Personal name Tuladhar, Sugat Dass,
Dates associated with a name 1924-
245 10 - TITLE STATEMENT
Title Nepālabhāshā śabda-saṅgraha.
260 ## - PUBLICATION, DISTRIBUTION, ETC.
Date of publication, distribution, etc. [1965]
300 ## - PHYSICAL DESCRIPTION
Extent 4, 85 p.
Dimensions 21 cm.
500 ## - GENERAL NOTE
General note English, Hindi and Nepali.
650 #0 - SUBJECT ADDED ENTRY--TOPICAL TERM
Topical term or geographic name entry element Newari language
General subdivision Dictionaries
-- Polyglot.
650 #0 - SUBJECT ADDED ENTRY--TOPICAL TERM
Topical term or geographic name entry element Newari language
Form subdivision Terms and phrases.

No items available.

Powered by Koha